| 000 | 00730nam a2200253 a 4500 | ||
|---|---|---|---|
| 008 | |||
| 020 | _a087835543X (pbk.) | ||
| 049 | _aMAIN | ||
| 090 | _aHF5548.4.L67 | ||
| 100 | 1 | _aSmith, Gaylord N. | |
| 245 | 1 | 0 |
_aLotus 1-2-3 Quick / _cGaylord N. Smith. |
| 246 | 3 | 0 | _aLotus one-two-three Quick. |
| 250 | _a2nd ed. | ||
| 260 |
_aBoston, Mass. : _bBoyd & Fraser, _cc1990. |
||
| 300 |
_aviii, 136 p. ; _c24 cm. |
||
| 630 | 0 | 0 | _aLotus 1-2-3 (Computer file). |
| 650 | 0 |
_aBusiness _xComputer programs. |
|
| 650 | 0 | _aElectronic spreadsheets. | |
| 907 |
_a.b10018530 _b22-01-04 _c17-04-03 |
||
| 003 | |||
| 005 | 20230123133606.0 | ||
| 040 | _cNUST | ||
| 942 |
_cBOOKS _kHF5548.4.L67 |
||
| 999 |
_c151257 _d151257 |
||